Statystyki dla Państwa na wybrzeżu Afroeurazji

Kliknij tutaj aby rozwiązać quiz!

Ogólne statystyki

  • Ten quiz został rozwiązany 23 razy
  • Średni wynik to 74 z 120

Statystyki odpowiedzi

Państwo% Poprawnych
Rosja
100%
Korea Północna
79%
Korea Południowa
79%
Chiny
68%
Korea Północna
68%
Algieria
63%
Angola
63%
Angola (Kabinda)
63%
Arabia Saudyjska
63%
Arabia Saudyjska
63%
Arabia Saudyjska
63%
Bangladesz
63%
Benin
63%
Ceuta (Hiszpania)
63%
Demokratyczna Republika Konga
63%
Peñón de Vélez
de la Gomera (Hiszpania)
63%
Dżibuti
63%
Egipt
63%
Egipt
63%
Erytrea
63%
Gabon
63%
Gambia
63%
Ghana
63%
Gwinea
63%
Gwinea Bissau
63%
Gwinea Równikowa
63%
Indie
63%
Irak
63%
Iran
63%
Izrael
63%
Izrael / Strefa Gazy
63%
Jemen
63%
Jordania
63%
Kambodża
63%
Kamerun
63%
Katar
63%
Kenia
63%
Kongo
63%
Kuwejt
63%
Liban
63%
Liberia
63%
Libia
63%
Malezja
63%
Maroko
63%
Maroko
63%
Maroko
63%
Maroko
63%
Mauretania
63%
Melilla (Hiszpania)
63%
Mjanma
63%
Mozambik
63%
Namibia
63%
Nigeria
63%
Oman
63%
Oman (Musandam)
63%
Pakistan
63%
Republika Południowej Afryki
63%
Senegal
63%
Senegal
63%
Sierra Leone
63%
Somalia
63%
Sudan
63%
Syria
63%
Tajlandia
63%
Tajlandia
63%
Tanzania
63%
Togo
63%
Tunezja
63%
Turcja
63%
Wietnam
63%
Wybrzeże Kości Słoniowej
63%
Zjednoczone Emiraty Arabskie
63%
Zjednoczone Emiraty Arabskie
63%
Albania
58%
Belgia
58%
Belgia (Antwerpia)
58%
Bośnia i Hercegowina
58%
Bułgaria
58%
Chorwacja
58%
Chorwacja (Dubrownik)
58%
Czarnogóra
58%
Dania
58%
Holandia
(Zeeuws-Vlaanderen)
58%
Estonia
58%
Finlandia
58%
Francja
58%
Francja
58%
Francja
58%
Gibraltar (Wielka Brytania)
58%
Grecja
58%
Gruzja
58%
Hiszpania
58%
Hiszpania
58%
Hiszpania
58%
Holandia
58%
Litwa
58%
Litwa (Mierzeja Kurońska)
58%
Łotwa
58%
Monako
58%
Niemcy
58%
Niemcy
58%
Norwegia
58%
Polska
58%
Polska
58%
Portugalia
58%
Rosja
58%
Rosja
58%
Rosja (Kaliningrad)
58%
Rosja (Kaliningrad)
58%
Rosja (Krym)
58%
Rosja (Krym)
58%
Rosja (Mierzeja Wiślana)
58%
Rumunia
58%
Słowenia
58%
Szwecja
58%
Turcja
58%
Ukraina
58%
Ukraina
58%
Ukraina (Mierzeja Arabacka)
58%
Włochy
58%

Rozkład punktacji

Percentyl według liczby udzielonych odpowiedzi

Procent ludzi z każdym wynikiem

Twoja historia wyników

Nie rozwiązałeś tego quizu